Guess the 1970s song lyrics #213 - Statistics

General Stats
  • This quiz has been taken 12 times
  • The average score is 210 of 263
Answer Stats
Answer % Correct
a
100%
And
100%
and
100%
I
100%
in
100%
In
100%
the
100%
you
100%
All
90%
be
90%
by
90%
gone
90%
he
90%
hear
90%
her
90%
it
90%
on
90%
say
90%
she
90%
that
90%
To
90%
to
90%
was
90%
Could
80%
days
80%
did
80%
from
80%
here
80%
his
80%
meetin
80%
sky
80%
take
80%
today
80%
Dawn
70%
Delta
70%
faded
70%
flower
70%
for
70%
have
70%
man
70%
mansion
70%
rose
70%
Then
70%
they
70%
what's
70%
younger
70%
baby
60%
calls
60%
ever
60%
eyes
60%
of
60%
She's
60%
she's
60%
still
60%
with
60%
crazy
50%
daddy
50%
hand
50%
he'd
50%
laid
50%
bride
40%
called
40%
dark
40%
folks
40%
side
40%
walks
40%
woman
40%
41
30%
around
30%
Cause
30%
downtown
30%
haired
30%
Looking
30%
mysterious
30%
Prettiest
30%
stood
30%
suitcase
30%
Brownsville
20%
Promised
20%
degree
10%
low
10%
No matching quizzes found
Score Distribution
Percent of People with Each Score
Percentile by Number Answered
Your Score History
You have not taken this quiz